[Event "Africa-ch U2300 op"]
[Site "Windhoek"]
[Date "2019.01.03"]
[Round "6.4"]
[White "Bayani, Kuda"]
[Black "Abera, Aydagnuhem Gezachew"]
[Result "1/2-1/2"]
[WhiteElo "1962"]
[BlackElo "2103"]
[PlyCount "118"]
[EventDate "2018.12.31"]
[EventType "swiss"]
[EventRounds "9"]
[EventCountry "NAM"]
[SourceTitle "EXT 2024"]
[Source "ChessBase"]
[SourceDate "2023.10.10"]
[SourceVersion "1"]
[SourceVersionDate "2023.10.10"]
[SourceQuality "1"]

1. d4 Nf6 2. Bf4 e6 3. e3 c5 4. c3 Qb6 5. Qb3 Nh5 6. Qxb6 axb6 7. Bc7 d5 8. Bxb6 c4 9. Bc7 Na6 10. Bg3 Nxg3 11. hxg3 b5 12. b4 Bxb4 13. cxb4 Nxb4 14. Kd2 Nxa2 15. Nc3 b4 16. Nxa2 0-0 17. Be2 b3 18. Nf3 b2 19. Rab1 Rxa2 20. Kc2 Ba6 21. Rhe1 Rb8 22. Bd1 Bb5 23. Ng1 Ra1 24. Kxb2 c3+ 25. Kc1 Rxb1+ 26. Kxb1 Bd3+ 27. Ka2 Rb2+ 28. Ka3 Rb1 29. Nf3 c2 30. Bxc2 Bxc2 31. Rxb1 Bxb1 32. Ne1 g5 33. Kb2 Bf5 34. f3 Kg7 35. g4 Bg6 36. Kc3 f5 37. gxf5 exf5 38. Nd3 h5 39. Ne5 g4 40. Kd2 Be8 41. g3 Bb5 42. Ke1 Kf6 43. Kf2 Kg5 44. Nf7+ Kf6 45. Ne5 Kg7 46. Ke1 Kf6 47. Kf2 Ke6 48. Ng6 Kd6 49. Nf4 Be8 50. Ng2 Kc6 51. Nh4 Bd7 52. Ng2 Be6 53. Nf4 Bf7 54. fxg4 hxg4 55. Nd3 Kb5 56. Nf4 Kc4 57. Ng2 Kd3 58. Nf4+ Kd2 59. Ng2 Kd3 1/2-1/2

[Event "Africa-ch U2300 op"]
[Site "Windhoek"]
[Date "2019.01.03"]
[Round "5.3"]
[White "Dimba, James"]
[Black "Bayani, Kuda"]
[Result "1-0"]
[WhiteElo "2029"]
[BlackElo "1962"]
[PlyCount "67"]
[EventDate "2018.12.31"]
[EventType "swiss"]
[EventRounds "9"]
[EventCountry "NAM"]
[SourceTitle "EXT 2024"]
[Source "ChessBase"]
[SourceDate "2023.10.10"]
[SourceVersion "1"]
[SourceVersionDate "2023.10.10"]
[SourceQuality "1"]

1. e4 d5 2. exd5 Qxd5 3. Nc3 Qa5 4. d4 c6 5. Nf3 Bg4 6. h3 Bxf3 7. Qxf3 Nf6 8. Bc4 e6 9. Bd2 Qb6 10. Qd3 Nbd7 11. 0-0-0 Bd6 12. Rhe1 0-0-0 13. f4 g6 14. g4 Bb8 15. Qe2 Rhe8 16. Qf2 Nf8 17. Be3 Nd5 18. Nxd5 exd5 19. Bd3 Bd6 20. f5 Qc7 21. Rf1 Nd7 22. Qf3 Nb6 23. Bg5 Be7 24. f6 Bf8 25. h4 Qd6 26. h5 Nd7 27. hxg6 hxg6 28. Bh4 Qe6 29. Rde1 Qd6 30. g5 Qb4 31. c3 Qa4 32. Bg3 Rxe1+ 33. Rxe1 Nb6 34. Bf1 1-0

[Event "Pretoria Capablanca A"]
[Site "Pretoria"]
[Date "2018.04.27"]
[Round "1"]
[White "Stevanovic, Nedjo"]
[Black "Bayani, Kuda"]
[Result "1-0"]
[WhiteElo "2034"]
[BlackElo "1979"]
[PlyCount "37"]
[EventDate "2018.04.26"]
[EventType "tourn"]
[EventRounds "9"]
[EventCountry "RSA"]
[SourceTitle "CBM 184 Extra"]
[Source "ChessBase"]
[SourceDate "2018.06.28"]
[SourceVersion "1"]
[SourceVersionDate "2018.06.28"]
[SourceQuality "1"]

1. e4 c5 2. Nf3 e6 3. d4 cxd4 4. Nxd4 a6 5. Nc3 Qc7 6. g3 Nc6 7. Bg2 Nf6 8. 0-0 Bc5 9. Nb3 Be7 10. a4 0-0 11. a5 Bb4 12. Ra4 Bxa5 13. Nxa5 Nxa5 14. Bf4 e5 15. Bg5 b5 16. Bxf6 gxf6 17. Nd5 Qd8 18. Qd2 Bb7 19. Rxa5 1-0